000 00613nam a2200205Ia 4500
003 GCL
008 140319s9999 xx 000 0 ara d
040 _aGCL /
_cGCL
082 0 4 _aد
_b050
100 1 _aصبرى جرجس
245 1 0 _aمشكلاتك النفسية لها حلول (اقرا 491) /
_cصبرى جرجس
300 _a239 ص
490 _aوثائق ونصوص
_v0
650 0 4 _aالصحة النفسية
650 0 4 _aالاضطرابات النفسية
650 0 4 _aالعلاج النفسى
650 0 4 _aالطب النفسى
650 0 4 _aاضطراب السلوك
942 _2ddc
_cCF
999 _c27216
_d27216